Loading...

Genomics Protocols:Vol-175.

Genome analysis is essential both to understanding the molecular bases of physiological processes and to the development of novel therapies for treating human diseases. In Genomics Protocols, an expert panel of internationally acclaimed researchers from academia, industry, and leading genome cent...

Full description

Bibliographic Details
Main Author: Starkey, Michael P;Ed. Elaswarapu, Ramnath;Ed
Format: Printed Book
Published: Totowa Humana Press 2001
Series:Methods in molecular biology (Clifton, N.J.), v. 175.
Subjects:
Online Access:http://classify.oclc.org/classify2/ClassifyDemo?owi=1034433462
LEADER 02202nam a2200181 4500
999 |c 149122  |d 149118 
020 |a 9780896037083 
082 |a 572.8 STA/G 
100 |a Starkey, Michael P;Ed.  |a Elaswarapu, Ramnath;Ed.  |9 63961 
245 |a Genomics Protocols:Vol-175. 
260 |a Totowa  |b Humana Press  |c 2001 
300 |a 538p. 
490 |a Methods in molecular biology (Clifton, N.J.), v. 175.  
520 |a  Genome analysis is essential both to understanding the molecular bases of physiological processes and to the development of novel therapies for treating human diseases. In Genomics Protocols, an expert panel of internationally acclaimed researchers from academia, industry, and leading genome centers provides a comprehensive generic set of protocols for gene hunting and genome analysis. Drawing on emerging technologies in the fields of bioinformatics and proteomics, these protocols cover not only those traditionally recognized as genomics, but also early therapeutic approaches exploiting the potential of gene therapy. Highlights include methods for the analysis of differential gene expression, SNP detection, comparative genomic hybridization, and the functional analysis of genes, as well as the use of bioinformatics for gene identification and the prediction of protein function. Each method includes step-by-step instructions and invaluable notes that describe the quirks in a procedure and the little tricks that make all the difference to a successful outcome. Comprehensive and eminently practical, Genomics Protocols provides academic and pharmaceutical researchers alike with richly detailed accounts of the most up-to-date genomics techniques, including the emerging technologies from proteomics-all highly effective tools that will help investigators expand their research horizons and better understand gene function.  
650 |a Genomics -- Laboratory manuals--Gene mapping -- Laboratory manuals--Génétique moléculaire -- Manuels de laboratoire.   |9 63962 
856 |u http://classify.oclc.org/classify2/ClassifyDemo?owi=1034433462 
942 |c BK 
952 |0 0  |1 0  |4 0  |6 572_800000000000000_STA_G  |7 0  |9 147949  |a SBS  |b SBS  |d 2017-10-17  |l 0  |o 572.8 STA/G  |p SBS934  |r 2017-10-17  |w 2017-10-17  |y BK